Comentarios a las sentencias de unificacin̤ de doctrina (Civil y Mercantil) Volumen 8ð

Bibliographic Details
Main Author: Yzquierdo Tolsada, Mariano
Format: eBook
Language:Spanish
Published: Madrid: Dykinson, 2017
Subjects:
Online Access:Acceso restringido

MARC

LEADER 00000nam a22000007a 4500
005 20180511232915.0
007 cr|||| |||
008 180511s2017 es |||||s|||| 00||0 spa d
020 |a 978-84-9148-476-9 
035 |a 21687 
040 |a vLex 
090 |c 7952  |d 7952 
100 1 |a Yzquierdo Tolsada, Mariano 
245 1 0 |a Comentarios a las sentencias de unificacin̤ de doctrina (Civil y Mercantil)  |h [Recurso electrn̤ico] /  |c Mariano Yzquierdo Tolsada  |n Volumen 8ð 
256 |a Servicio en ln̕ea 
260 |a Madrid:  |b Dykinson,  |c 2017 
300 |a 1 recurso electrn̤ico 
506 1 |a Disponible solo en los productos indicados  |d vLex Global  |d vLex Global (Academic Edition, excluding Law Schools)  |d vLex Global (U.S. Academic Edition, Law Schools)  |d vLex Global (U.S. Academic Edition, excluding Law Schools)  |d vLex Global (Academic Edition, Law Schools) 
650 0 4 |a Derecho Civil  |z Espaą 
740 0 |a vLex Libros (Servicio en ln̕ea) 
856 4 0 |u http://vlex.com/source/comentarios-sentencias-unificacion-doctrina-civil-mercantil-volumen-8-21687  |z Acceso restringido 
942 |c BOOK 
999 0 |a Civil Law